Estadísticas para País más Austral por Pista

Haz click aquí para intentar la prueba.

Estadísticas generales

  • Esta prueba ha sido intentada 806 veces
  • La puntuación promedio es 10 de 20

Estadísticas de respuestas

El país más austral que...LatitudRespuesta% Correcto
su idioma principal es el inglés46.7 °SNueva Zelanda
87%
tiene una megaciudad (población urbana > 10 millones)55.1 °SArgentina
85%
ha sido sede de los Juegos Olímpicos43.6 °SAustralia
84%
tiene una población de elefantes salvajes34.8 °SSudáfrica
76%
toca el ecuador33.8 °SBrasil
72%
no tiene salida al océano30.7 °SLesoto
70%
comienza con P27.7 °SParaguay
68%
está en la península arábiga12.1 °NYemen
59%
es una nación insular en el Mar Caribe10.1 °NTrinidad y Tobago
54%
limita con rusia18.2 °NChina
52%
limita con India9.6 °NMyanmar
49%
tiene una población de tigres salvajes11.0 °SIndonesia
41%
limita con el océano Ártico18.9 °NEstados Unidos
39%
tiene el chino como idioma oficial1.2 °NSingapur
39%
tiene el francés como idioma oficial25.6 °SMadagascar
35%
fue una posesión colonial de Italia.1.1 °SSomalia
33%
alguna vez estuvo bajo ocupación soviética29.4 °NAfganistán
27%
es considerado un país europeo por JetPunk34.8 °NGrecia
25%
es parte de la OPEP18.0 °SAngola
24%
es mayoritariamente de habla eslava40.9 °NMacedonia del Norte
20%

Distribución de puntuación

Porcentaje por número respondido

Porcentaje de gente con cada puntuación

Historial de tus puntuaciones

No has intentado esta prueba.